चला चारधाम यात्रेला (Record no. 358865)

MARC details
000 -LEADER
fixed length control field 00455nam a2200145Ia 4500
008 - FIXED-LENGTH DATA ELEMENTS--GENERAL INFORMATION
fixed length control field 240626s9999 xx 000 0 und d
041 ## - LANGUAGE CODE
Language code of text/sound track or separate title mar
100 ## - MAIN ENTRY--PERSONAL NAME
Personal name कर्वे, वामन बाळकृष्ण
9 (RLIN) 207725
245 ## - TITLE STATEMENT
Title चला चारधाम यात्रेला
250 ## - EDITION STATEMENT
Edition statement 1
260 ## - PUBLICATION, DISTRIBUTION, ETC. (IMPRINT)
Place of publication, distribution, etc. पुणे
Name of publisher, distributor, etc. स्नेहल प्रकाशन
Date of publication, distribution, etc. 2014
300 ## - PHYSICAL DESCRIPTION
Extent 207
500 ## - GENERAL NOTE
Keywords HT
650 ## - SUBJECT ADDED ENTRY--TOPICAL TERM
Topical term or geographic name as entry element Heritage tourisum
9 (RLIN) 207726
Holdings
Withdrawn status Lost status Damaged status Not for loan Collection code Home library Current library Date acquired Cost, normal purchase price Total Checkouts Barcode Date last seen Bill Date Koha item type Original Barcode
          Manilal Nanavati Vocational Training Institute Pune Manilal Nanavati Vocational Training Institute Pune 26/06/2024 168.00   MNVT-BK-2086 26/06/2024 26/06/2024 Books B2086